| 000 | 01006nam a2200229Ia 4500 | ||
|---|---|---|---|
| 003 | OSt | ||
| 005 | 20210421141150.0 | ||
| 008 | 210310s1964 eu gr 100 0 eng d | ||
| 040 |
_aCO-JMCR _cCO-JMCR |
||
| 041 | 0 | _aeng | |
| 082 | 0 | 4 |
_a336.2070973 / _bC748f _223 |
| 111 | 2 |
_aConference of experts Federal Tax Treatment of Foreign Income _d(1964 : _cWashington) _937021 |
|
| 245 | 1 | 0 |
_aFederal Tax Treatment of Foreign Income / _cLawrence B.krause, Kenneth W. Dam |
| 260 |
_aWashington : _bThe Brookings Institution, _c1964 |
||
| 300 |
_b145 páginas ; _c23 cm. |
||
| 490 | 0 |
_aStudies of Government Finance ; _v7 |
|
| 505 | 0 | _aProblems and Alternative Solutions -- Legislative Choices Among Alternative Proposals -- The Economic Effects of Taxing Foreign-Source Income -- Summary of Conference Discussion | |
| 650 | 1 | 4 |
_aImpuestos _915062 _vInversión extranjera _y1960-1962 _zEstados Unidos |
| 700 | 1 |
_akrause, Lawrence B., _eautor _937022 |
|
| 700 | 1 |
_aDam, Kenneth W., _eautor _937023 |
|
| 942 |
_2ddc _cBK |
||
| 999 |
_c7654 _d7654 |
||